Normal view
MARC view
- وافي،علي عبد الواحد
Entry Personal Name
001 - CONTROL NUMBER
- control field: 13164
003 - CONTROL NUMBER IDENTIFIER
- control field: JO-AjAnu
005 - DATE AND TIME OF LATEST TRANSACTION
- control field: 20230606072415.0
008 - FIXED-LENGTH DATA ELEMENTS
- fixed length control field: 230606|| aca||aabn | a|a d
040 ## - CATALOGING SOURCE
- Original cataloging agency: JO-AjAnu
- Transcribing agency: JO-AjAnu
100 ## - HEADING--PERSONAL NAME
- Personal name: وافي،علي عبد الواحد
670 ## - SOURCE DATA FOUND
- Source citation: Work cat.: (JO-AjAnu)6772: وافي،علي عبد الواحد, author, عوامل التربية:بحوث في علم الإجتماع التربوي و الأخلاقي